| 000 | 00357nam a2200133Ia 4500 | ||
|---|---|---|---|
| 005 | 20260328101440.0 | ||
| 008 | 260328s9999||||xx |||||||||||||| ||und|| | ||
| 100 | _aArnell, Peter | ||
| 245 | 2 |
_aA Center for the Visual Arts : _b The Ohio State University competition / _cPeter Arnell |
|
| 260 | _bRizzoli | ||
| 300 | _a145 p. | ||
| 650 | _aMUSEOS | ||
| 942 | _cBK | ||
| 999 |
_c8223 _d8223 |
||